000
00213 a2200097 4500
001
47948
100
_a
Barque
245
_a
Europe per Islam ka Ahsan
260
_a
Lahore
_b
Sh Ghulam Ali
_c
090
_c
30943
_d
30943
942
_a
NUST-CAE
_c
M
_c
23273
999
_c
283021
_d
283021